Russia, its history and condition to 1877
This book introduce about social classes, church and state, among the heretics, the dissenters, the pastoral tribes of the steppe, the tartar domination, the cossacks, foreign colonies on the steppe...
Bewaard in:
| Formaat: | Boek |
|---|---|
| Taal: | Undetermined |
| Gepubliceerd in: |
Boston
J. B. Millet Co.
1910
|
| Onderwerpen: | |
| Tags: |
Voeg label toe
Geen labels, Wees de eerste die dit record labelt!
|
| Thư viện lưu trữ: | Trung tâm Học liệu Trường Đại học Cần Thơ |
|---|
| LEADER | 00725nam a2200193Ia 4500 | ||
|---|---|---|---|
| 001 | CTU_231938 | ||
| 008 | 210402s9999 xx 000 0 und d | ||
| 082 | |a 947 | ||
| 082 | |b R969/Vol.2 | ||
| 245 | 0 | |a Russia, its history and condition to 1877 | |
| 245 | 0 | |c Donald Mackenzie Wallage | |
| 260 | |a Boston | ||
| 260 | |b J. B. Millet Co. | ||
| 260 | |c 1910 | ||
| 520 | |a This book introduce about social classes, church and state, among the heretics, the dissenters, the pastoral tribes of the steppe, the tartar domination, the cossacks, foreign colonies on the steppe... | ||
| 650 | |a Nước Nga,Russia | ||
| 650 | |x Lịch sử,History | ||
| 910 | |b dqhieu | ||
| 980 | |a Trung tâm Học liệu Trường Đại học Cần Thơ | ||